000 00797nas a2200253 4500
001 BR0810520
003 BR-BrBNA
005 20231205112938.0
007 ta
008 230509b bl.|||p| |||| 00| 00por d
040 _aBR-BrBNA
_bpor
_cBiblioteca Nacional de Agricultura
041 _a(Pt)
072 _aP10; U10
100 1 _aGuilhon, L.G.F.
100 1 _aRocha, V.F.
100 1 _aMoreira, J.C.
245 1 _aComparação de métodos de previsão de vazões naturais afluentes a aproveitamento hidroelétrico
650 _aHIDRELÉTRICA
650 _aVAZÃO
650 _aMETODOLOGIA
773 0 _tRevista Brasileira de Recursos Hídricos (Brazil)
_xISSN 1414-381X
_g(Jul-Sep 2007), v. 12(3) p. 13-20
_wBR0810520
909 _a202311
_bLúcia
_c55
_dLúcia Elande
942 _2AGRIS
_n0
_cANA
999 _c200948
_d200948